000 00735nam a2200241Ia 4500
003 OSt
005 20220923223955.0
006 a|||||r|||| 00| 0
007 ta
008 Pun
024 _a223,728
037 _cTextual
040 _aARTS
_cARTS
_bPun
041 _2Pun
_aPun
082 _aO153,2:g(NT), P2
100 _aਸਿੰਘ, ਬ੍ਰਹਮਜਗਦੀF
245 0 _aਨਾਟਕ ਅਤੇ ਰੰਗਮੰਚ
260 _aਅਮ੍ਰਿਤਸਰ
_b ਵਾਰਿਸ Fਾਹ ਫਾਉਜ਼ਡੇFਨ
_c2002
300 _a160ਪੰ
_ccm.
650 _aਪੰਜਾਬੀ ਸਾਹਿਤ
942 _hO153,2:g(NT), P2
_cTEXL
_2CC
999 _c368489
_d368489